000 00484nam a2200145 4500
999 _c7632
_d7632
008 171102b xxu||||| |||| 00| 0 eng d
022 _a01181831
082 _aDPer 613.05 H34 Jul-Nov 2013
100 _923053
_aAmurao, Gwen R.
245 _aFood for thought:
_bcreating diet plan for stroke patients/
_cGwen R. Amurao.
260 _aPhilippines:
_bMIMS Pte Ltd KDN,
_c©2013.
300 _apages 28-30:
_billustrations;
_c28 cm.
650 0 _923054
_aNutrition.
942 _2ddc
_cPER